Nanoindentation of natural materials : (Record no. 535580)

000 -LEADER
fixed length control field 03529cam a2200457 i 4500
001 - CONTROL NUMBER
control field 21548035
003 - CONTROL NUMBER IDENTIFIER
control field NUST
005 - DATE AND TIME OF LATEST TRANSACTION
control field 20200917130714.0
006 - FIXED-LENGTH DATA ELEMENTS--ADDITIONAL MATERIAL CHARACTERISTICS
fixed length control field m |o d |
007 - PHYSICAL DESCRIPTION FIXED FIELD--GENERAL INFORMATION
fixed length control field cr||||||||||||
008 - FIXED-LENGTH DATA ELEMENTS--GENERAL INFORMATION
fixed length control field 180716s2019 flu ob 001 0 eng
010 ## - LIBRARY OF CONGRESS CONTROL NUMBER
LC control number 2019719602
020 ## - INTERNATIONAL STANDARD BOOK NUMBER
International Standard Book Number 9781498784061
Qualifying information (pdf)
020 ## - INTERNATIONAL STANDARD BOOK NUMBER
International Standard Book Number 9781351651592
Qualifying information (epub)
020 ## - INTERNATIONAL STANDARD BOOK NUMBER
International Standard Book Number 9781315155548
Qualifying information (ebook)
020 ## - INTERNATIONAL STANDARD BOOK NUMBER
Canceled/invalid ISBN 9781498784054
Qualifying information (hardback :
-- alk. paper)
038 ## - RECORD CONTENT LICENSOR
Staff Name MSOHAIL
040 ## - CATALOGING SOURCE
Original cataloging agency DLC
Language of cataloging eng
Description conventions rda
Transcribing agency DLC
Modifying agency DLC
050 00 - LIBRARY OF CONGRESS CALL NUMBER
Classification number TA418.9.F85
082 00 - DEWEY DECIMAL CLASSIFICATION NUMBER
Classification number 620.11
Edition number 23
Author Mark DEY
245 00 - TITLE STATEMENT
Title Nanoindentation of natural materials :
Remainder of title hierarchical and functionally graded microstructures /
Statement of responsibility, etc. editors, Arjun Dey, Anoop Kumar Mukhopadhyay.
264 #1 - PRODUCTION, PUBLICATION, DISTRIBUTION, MANUFACTURE, AND COPYRIGHT NOTICE
Place of production, publication, distribution, manufacture Boca Raton, FL :
Name of producer, publisher, distributor, manufacturer CRC Press,
Date of production, publication, distribution, manufacture, or copyright notice 2019.
300 ## - PHYSICAL DESCRIPTION
Extent 1 online resource
336 ## - CONTENT TYPE
Content type term text
Content type code txt
Source rdacontent
337 ## - MEDIA TYPE
Media type term computer
Media type code c
Source rdamedia
338 ## - CARRIER TYPE
Carrier type term online resource
Carrier type code cr
Source rdacarrier
504 ## - BIBLIOGRAPHY, ETC. NOTE
Bibliography, etc. note Includes bibliographical references and index.
505 0# - FORMATTED CONTENTS NOTE
Formatted contents note Basics of hierarchical and functionally graded structures and mechanical characterization by nanoindentation : a paradigm shift for nano/micro-structural length scale / Arjun Dey, Deeksha Porwal, Nilormi Biswas, Aniruddha Samanta, Manjima Bhattacharya, Mohammed Adnan Hasan, A.K. Gupta and Anoop Kumar Mukhopadhyay -- Nanoindentation of bone : a tough hybrid composite / Manjima Bhattacharya, Anoop Kumar Mukhopadhyay and Arjun Dey -- Nanoindentation of teeth : a hard but tough hybrid functionally graded composite / Nilormi Biswas, Anoop Kumar Mukhopadhyay and Arjun Dey -- Fracture toughness of enamel region : role of DEJ and modeling of fracture toughness / Nilormi Biswas, Arjun Dey and Anoop Kumar Mukhopadhyay -- Nanoindentation creep of enamel and dentin tissues / Nilormi Biswas, Arjun Dey and Anoop Kumar Mukhopadhyay -- Nanoindentation of hair fiber : a tough hierarchical layered architecture / Aniruddha Samanta, Manjima Bhattacharya, Anoop Kumar Mukhopadhyay, Shekhar Nath and Arjun Dey -- Nanoindentation of shell and scale : a hard-tough layered functionally graded hybrid composite / Manjima Bhattacharya, Anoop Kumar Mukhopadhyay and Arjun Dey -- Combined nanoindentation and finite element approach in hierarchical and functionally graded structures / Deeksha Porwal, Arjun Dey, A.K. Gupta, Kallol Khan, Anand Kumar Sharma and Anoop Kumar Mukhopadhyay -- Conclusions / Arjun Dey, Nilormi Biswas, Aniruddha Samanta, Manjima Bhattacharya, and Anoop Kumar Mukhopadhyay.
520 ## - SUMMARY, ETC.
Summary, etc. "The book will provide critical information regarding the basics of hierarchical and functionally graded structures and nanoindentation techniques along with detailed discussion with correlation micro/nano mechanical-structures. The readers will be able to identify the advantages of this method in purview of characterizing natural bio composites"--
Assigning source Provided by publisher.
588 ## - SOURCE OF DESCRIPTION NOTE
Source of description note Description based on print version record.
650 #0 - SUBJECT ADDED ENTRY--TOPICAL TERM
Topical term or geographic name entry element Functionally gradient materials
General subdivision Impact testing.
9 (RLIN) 30239
650 #0 - SUBJECT ADDED ENTRY--TOPICAL TERM
Topical term or geographic name entry element Tissues
General subdivision Analysis.
9 (RLIN) 30240
650 #0 - SUBJECT ADDED ENTRY--TOPICAL TERM
Topical term or geographic name entry element Surfaces (Technology)
General subdivision Testing.
9 (RLIN) 10456
650 #0 - SUBJECT ADDED ENTRY--TOPICAL TERM
Topical term or geographic name entry element Nanostructured materials
General subdivision Testing.
9 (RLIN) 30241
700 1# - ADDED ENTRY--PERSONAL NAME
Personal name Dey, Arjun,
Relator term editor.
9 (RLIN) 30242
700 1# - ADDED ENTRY--PERSONAL NAME
Personal name Mukhopadhyay, Anoop Kumar,
Relator term editor.
9 (RLIN) 30243
776 08 - ADDITIONAL PHYSICAL FORM ENTRY
Relationship information Print version:
Title Nanoindentation of natural materials
Place, publisher, and date of publication Boca Raton, FL : CRC Press, 2019.
International Standard Book Number 9781498784054
Record control number (DLC) 2018018741
906 ## - LOCAL DATA ELEMENT F, LDF (RLIN)
a 7
b cbc
c origcop
d 1
e ecip
f 20
g y-gencatlg
942 ## - ADDED ENTRY ELEMENTS (KOHA)
Source of classification or shelving scheme
Koha item type Book
Holdings
Withdrawn status Lost status Source of classification or shelving scheme Damaged status Not for loan Permanent Location Current Location Date acquired Total Checkouts Full call number Barcode Date last seen Price effective from Koha item type
          School of Civil and Environmental Engineering (SCEE) School of Civil and Environmental Engineering (SCEE) 09/17/2020   620.11 DEY NIT-13272 09/17/2020 09/17/2020 Book
© 2023 Central Library, National University of Sciences and Technology. All Rights Reserved.